Disney Movies by Country - Statistics

General Stats
  • This quiz has been taken 556 times
  • The average score is 8 of 10
Answer Stats
Movie Country % Correct
Mulan China
95%
Hercules Greece
95%
The Hunchback of Notre Dame France
88%
101 Dalmatians United Kingdom
85%
Pocahontas United States
83%
Snow White and the Seven Dwarfs Germany
77%
Frozen Norway
74%
The Jungle Book India
71%
Pinocchio Italy
71%
The Little Mermaid Denmark
58%
No matching quizzes found
Score Distribution
Percent of People with Each Score
Percentile by Number Answered
Your Score History
You have not taken this quiz